| 000 | 00690nas a2200241 4500 | ||
|---|---|---|---|
| 001 | BR2013003712 | ||
| 003 | BR-BrBNA | ||
| 005 | 20231205122354.0 | ||
| 007 | ta | ||
| 008 | 230509b bl.|||p| |||| 00| 00por d | ||
| 040 |
_aBR-BrBNA _bpor _cBiblioteca Nacional de Agricultura |
||
| 041 | _a(Pt) | ||
| 072 | _aL01; D50 | ||
| 100 | 1 | _aMontanhês, M.I. | |
| 245 | 1 | _aO registro de gado vale a pena? | |
| 300 | _av. 7(35) p. 74 | ||
| 650 | _aCADASTRO | ||
| 650 | _aBOVINO | ||
| 650 | _aIDENTIFICAÇÃO | ||
| 773 | 0 |
_tRevista do Produtor Rural (Brazil) _xISSN 1984-0004 _g(Feb-Mar 2013), v. 7(35) p. 74 _wBR2013003712 |
|
| 909 |
_a202311 _bLúcia _c55 _dLúcia Elande |
||
| 942 |
_2AGRIS _n0 _cANA |
||
| 999 |
_c228317 _d228317 |
||